<?xml version="1.0" encoding="UTF-8"?>
<record
    xmlns:xsi="http://www.w3.org/2001/XMLSchema-instance"
    xsi:schemaLocation="http://www.loc.gov/MARC21/slim http://www.loc.gov/standards/marcxml/schema/MARC21slim.xsd"
    xmlns="http://www.loc.gov/MARC21/slim">

  <leader>01149nam0a22002891  4500</leader>
  <controlfield tag="001">rc\332376</controlfield>
  <controlfield tag="005">20260406165126.0</controlfield>
  <datafield tag="010" ind1=" " ind2=" ">
    <subfield code="a">5-211-00701-8</subfield>
    <subfield code="9">500</subfield>
  </datafield>
  <datafield tag="035" ind1=" " ind2=" ">
    <subfield code="a">(NLR Aleph) 005567616</subfield>
  </datafield>
  <datafield tag="090" ind1=" " ind2=" ">
    <subfield code="a">5977876</subfield>
    <subfield code="c">5977876</subfield>
  </datafield>
  <datafield tag="100" ind1=" " ind2=" ">
    <subfield code="a">20030307d1989    |||y0rusy50      ca</subfield>
  </datafield>
  <datafield tag="101" ind1="0" ind2=" ">
    <subfield code="a">rus</subfield>
  </datafield>
  <datafield tag="102" ind1=" " ind2=" ">
    <subfield code="a">RU</subfield>
  </datafield>
  <datafield tag="105" ind1=" " ind2=" ">
    <subfield code="a">a   |||||||||</subfield>
  </datafield>
  <datafield tag="200" ind1="1" ind2=" ">
    <subfield code="a">&#x411;&#x438;&#x43E;&#x433;&#x435;&#x43E;&#x445;&#x438;&#x43C;&#x438;&#x44F; &#x430;&#x433;&#x440;&#x43E;&#x446;&#x435;&#x43D;&#x43E;&#x437;&#x43E;&#x432; &#x41D;&#x435;&#x447;&#x435;&#x440;&#x43D;&#x43E;&#x437;&#x435;&#x43C;&#x44C;&#x44F;</subfield>
    <subfield code="f">[&#x41B;.&#x410;. &#x413;&#x440;&#x438;&#x448;&#x438;&#x43D;&#x430;, &#x41B;.&#x412;. &#x41C;&#x43E;&#x440;&#x433;&#x443;&#x43D;, &#x410;.&#x418;. &#x429;&#x435;&#x433;&#x43B;&#x43E;&#x432; &#x438; &#x434;&#x440;.]</subfield>
    <subfield code="g">&#x41F;&#x43E;&#x434; &#x440;&#x435;&#x434;. &#x41B;.&#x410;. &#x413;&#x440;&#x438;&#x448;&#x438;&#x43D;&#x43E;&#x439;</subfield>
    <subfield code="g">&#x41C;&#x413;&#x423; &#x438;&#x43C;. &#x41C;.&#x412;. &#x41B;&#x43E;&#x43C;&#x43E;&#x43D;&#x43E;&#x441;&#x43E;&#x432;&#x430;, &#x424;&#x430;&#x43A;. &#x43F;&#x43E;&#x447;&#x432;&#x43E;&#x432;&#x435;&#x434;&#x435;&#x43D;&#x438;&#x44F;</subfield>
  </datafield>
  <datafield tag="210" ind1=" " ind2=" ">
    <subfield code="a">&#x41C;.</subfield>
    <subfield code="c">&#x418;&#x437;&#x434;-&#x432;&#x43E; &#x41C;&#x413;&#x423;</subfield>
    <subfield code="d">1989</subfield>
  </datafield>
  <datafield tag="215" ind1=" " ind2=" ">
    <subfield code="a">173 &#x441;.</subfield>
    <subfield code="c">&#x438;&#x43B;.</subfield>
    <subfield code="d">22</subfield>
  </datafield>
  <datafield tag="225" ind1="1" ind2=" ">
    <subfield code="a">&#x411;&#x438;&#x43E;&#x43B;&#x43E;&#x433;&#x438;&#x44F;</subfield>
  </datafield>
  <datafield tag="300" ind1=" " ind2=" ">
    <subfield code="a">&#x410;&#x432;&#x442;. &#x443;&#x43A;&#x430;&#x437;&#x430;&#x43D;&#x44B; &#x432; &#x43E;&#x433;&#x43B;.</subfield>
  </datafield>
  <datafield tag="320" ind1=" " ind2=" ">
    <subfield code="a">&#x411;&#x438;&#x431;&#x43B;&#x438;&#x43E;&#x433;&#x440;.: &#x441;. 163-171</subfield>
  </datafield>
  <datafield tag="701" ind1=" " ind2="1">
    <subfield code="a">&#x413;&#x440;&#x438;&#x448;&#x438;&#x43D;&#x430;</subfield>
    <subfield code="b">&#x41B;.&#x410;.</subfield>
    <subfield code="g">&#x41B;&#x435;&#x43E;&#x43D;&#x43E;&#x440;&#x430; &#x410;&#x43B;&#x435;&#x43A;&#x441;&#x430;&#x43D;&#x434;&#x440;&#x43E;&#x432;&#x43D;&#x430;</subfield>
  </datafield>
  <datafield tag="712" ind1="0" ind2="2">
    <subfield code="a">&#x41C;&#x413;&#x423; &#x438;&#x43C;. &#x41C;. &#x412;. &#x41B;&#x43E;&#x43C;&#x43E;&#x43D;&#x43E;&#x441;&#x43E;&#x432;&#x430;</subfield>
    <subfield code="b">&#x424;&#x430;&#x43A;&#x443;&#x43B;&#x44C;&#x442;&#x435;&#x442; &#x43F;&#x43E;&#x447;&#x432;&#x43E;&#x432;&#x435;&#x434;&#x435;&#x43D;&#x438;&#x44F;</subfield>
    <subfield code="3">RU\NLR\AUTH\889936550</subfield>
    <subfield code="9">367906</subfield>
  </datafield>
  <datafield tag="801" ind1=" " ind2="0">
    <subfield code="a">RU</subfield>
    <subfield code="b">NLR</subfield>
    <subfield code="g">psbo</subfield>
  </datafield>
  <datafield tag="801" ind1=" " ind2="1">
    <subfield code="a">RU</subfield>
    <subfield code="b">ELAR</subfield>
    <subfield code="2">rusmarc</subfield>
  </datafield>
  <datafield tag="852" ind1=" " ind2=" ">
    <subfield code="a">NLR</subfield>
    <subfield code="j">89-5/3297</subfield>
  </datafield>
  <datafield tag="942" ind1=" " ind2=" ">
    <subfield code="c">BOOK</subfield>
  </datafield>
  <datafield tag="980" ind1=" " ind2=" ">
    <subfield code="a">NB</subfield>
  </datafield>
  <datafield tag="995" ind1=" " ind2=" ">
    <subfield code="5">2013-10-26</subfield>
    <subfield code="b">NLR01</subfield>
    <subfield code="c">NLR01</subfield>
    <subfield code="e">RF9</subfield>
    <subfield code="f">5567616-10</subfield>
    <subfield code="k">89-5/3297</subfield>
    <subfield code="o">0</subfield>
    <subfield code="r">BOOK</subfield>
    <subfield code="s">8953297_</subfield>
  </datafield>
</record>
